[Event "EU-ch Amateurs U2000"]
[Site "Mali Losinj"]
[Date "2024.08.28"]
[Round "5"]
[White "Miosi, Francesco"]
[Black "Puric, Bojan"]
[Result "1-0"]
[WhiteElo "1795"]
[BlackElo "1804"]
[PlyCount "79"]
[EventDate "2024.08.25"]
[EventType "swiss"]
[EventRounds "9"]
[EventCountry "CRO"]
[SourceTitle "EXT 2025"]
[Source "ChessBase"]
[SourceDate "2024.10.14"]
[SourceVersion "1"]
[SourceVersionDate "2024.10.14"]
[SourceQuality "1"]

1. d4 d5 2. Nf3 Nf6 3. e3 Bg4 4. Bd3 e6 5. Nbd2 c5 6. c3 cxd4 7. exd4 a6 8. 0-0 Bd6 9. Re1 Qc7 10. Qa4+ Qc6 11. Qc2 Qc7 12. Qa4+ Qc6 13. Qc2 Qc7 14. Ne5 Bh5 15. h3 Bxe5 16. dxe5 Nfd7 17. f4 Nc5 18. g4 Nxd3 19. Qxd3 Qc5+ 20. Kg2 Bg6 21. f5 exf5 22. gxf5 Bh5 23. Qg3 Rg8 24. e6 f6 25. Nb3 Qe7 26. Bf4 Nc6 27. Bd6 Qd8 28. Nc5 Qb6 29. Nd7 Qxb2+ 30. Kg1 Nd4 31. cxd4 Qxd4+ 32. Kh1 Be2 33. Bc5 Qe4+ 34. Kg1 Qxf5 35. Rxe2 Rc8 36. Qd6 Rxc5 37. Nxc5 Qg5+ 38. Kh1 Qh5 39. Qd7+ Kf8 40. e7+ 1-0

[Event "EU-ch Amateurs U2000"]
[Site "Mali Losinj"]
[Date "2024.08.27"]
[Round "4"]
[White "Wolfmaier, Johannes"]
[Black "Miosi, Francesco"]
[Result "0-1"]
[WhiteElo "1705"]
[BlackElo "1795"]
[PlyCount "82"]
[EventDate "2024.08.25"]
[EventType "swiss"]
[EventRounds "9"]
[EventCountry "CRO"]
[SourceTitle "EXT 2025"]
[Source "ChessBase"]
[SourceDate "2024.10.14"]
[SourceVersion "1"]
[SourceVersionDate "2024.10.14"]
[SourceQuality "1"]

1. d4 e6 2. Nf3 Nf6 3. e3 d5 4. Bd3 Bd6 5. Nbd2 Nbd7 6. 0-0 Qe7 7. Re1 0-0 8. e4 dxe4 9. Nxe4 Nxe4 10. Rxe4 f5 11. Re1 Nf6 12. Bxf5 Nd5 13. Be4 Qf7 14. Qe2 Nf4 15. Bxf4 Qxf4 16. g3 Qh6 17. d5 e5 18. h4 Bg4 19. Kg2 Qh5 20. Qd3 h6 21. Nh2 Rf6 22. Rh1 Be2 23. Qb3 Raf8 24. f3 b6 25. Rae1 Ba6 26. Qa4 Bc8 27. Qxa7 Bf5 28. Rhf1 Bxe4 29. Rxe4 Qg6 30. Ng4 Rxf3 31. Rxf3 Qxe4 32. Nh2 Qe2+ 33. Kh3 Rxf3 34. Nxf3 Qxf3 35. Qa4 h5 36. Kh2 e4 37. Kg1 Bc5+ 38. Kh2 Qf2+ 39. Kh3 Qf1+ 40. Kh2 Qg1+ 41. Kh3 Qh1# 0-1

[Event "EU-ch Amateurs U2000"]
[Site "Mali Losinj"]
[Date "2024.08.25"]
[Round "1"]
[White "Trepsic, Zvonimir"]
[Black "Miosi, Francesco"]
[Result "1-0"]
[WhiteElo "1919"]
[BlackElo "1795"]
[PlyCount "81"]
[EventDate "2024.08.25"]
[EventType "swiss"]
[EventRounds "9"]
[EventCountry "CRO"]
[SourceTitle "EXT 2025"]
[Source "ChessBase"]
[SourceDate "2024.10.14"]
[SourceVersion "1"]
[SourceVersionDate "2024.10.14"]
[SourceQuality "1"]

1. e4 e6 2. d3 c5 3. Nf3 Nc6 4. g3 Nge7 5. Bg2 g6 6. 0-0 Bg7 7. Nbd2 d6 8. Qe2 0-0 9. Re1 e5 10. c3 h6 11. Nb3 a5 12. a4 Be6 13. Nbd2 f5 14. Bh3 g5 15. exf5 Bxf5 16. Bxf5 Nxf5 17. Nc4 b6 18. Ne3 Ra7 19. Nxf5 Rxf5 20. Qe4 Ne7 21. Be3 Qe8 22. c4 Qc6 23. Qxc6 Nxc6 24. Kg2 Raf7 25. Ng1 Nb4 26. Rad1 g4 27. Ne2 Nc2 28. Rf1 Rf3 29. Nc3 Kf8 30. Nd5 Ke8 31. Rd2 Nxe3+ 32. Nxe3 h5 33. Nd5 Rb7 34. h3 Bh6 35. Rdd1 Rbf7 36. hxg4 hxg4 37. Nc3 Kd7 38. Ne4 R7f5 39. Rh1 Be3 40. fxe3 Rxe3 41. Rhe1 1-0